Introduction to behavioral research methods / (Record no. 12)

MARC details
000 -LEADER
fixed length control field 01021cam a2200181 a 4500
020 ## - INTERNATIONAL STANDARD BOOK NUMBER
ISBN 0205322042
020 ## - INTERNATIONAL STANDARD BOOK NUMBER
ISBN 9780205322046
050 00 - CALL NUMBER
Classification number BF76.5
Item number .L48
100 1# - AUTHOR
Personal name Leary, Mark R.
245 10 - TITLE
Title Introduction to behavioral research methods /
Statement of responsibility, etc Mark R. Leary.
250 ## - EDITION
Edition statement 3rd ed.
260 ## - PUBLICATION INFORMATION
Place of publication Boston :
Name of publisher Allyn and Bacon,
Year of publication 2001
300 ## - DESCRIPTION
Number of Pages xv, 441 p. :
Other physical details ill. ;
Dimensions 25 cm.
500 ## - NOTES
General note Includes index
505 ## - FORMATTED CONTENTS NOTE
Table of Content 1. Research in the behavioral sciences --<br/>2. Behavioral variability and research --<br/>3. The measurement of behavior --<br/>4. Approaches to psychological measurement --<br/>5. Descriptive research--<br/>6. Correlational research --<br/>7. Advanced correlational strategies --<br/>8. Basic issues in experimental research --<br/>9. Experimental design --<br/>10. Analyzing experimental data --<br/>11. Analyzing complex designs --<br/>12. Quasi-experimental designs --<br/>13. Single-case research --<br/>14. Ethical issues in behavioral research --<br/>15. Scientific writing.
650 #0 - SUBJECTS
Topical Term Psychology
General subdivision Research
-- Methodology.
942 ## - ADDED ENTRY ELEMENTS (KOHA)
Koha item type Books
Holdings
Withdrawn status Lost status Home library Current library Shelving location Date acquired Full call number Accession Number Koha item type
    Methodist University Library Main Methodist University Library Main General Stacks 01/01/2017 BF76.5 .L48 3384 Books
Copyright © 2026  MUG Library